[Event "Ctopor Equipos de Aragon  Preferente II "]
[Site "?"]
[Date "2026.02.21"]
[Round "5.70"]
[White "Vega Cieloszyk, Diego Piotr"]
[Black "Labrador Postigo, Francisco M."]
[Result "1-0"]
[WhiteElo "1755"]
[BlackElo "1842"]
[PlyCount "53"]
[GameId "2282252578865649"]
[EventDate "2026.01.24"]
[WhiteTeam "Aulazenter B"]
[BlackTeam "El Olivar C"]

1. e4 c6 2. d4 d5 3. Nc3 dxe4 4. Nxe4 Nf6 5. Nxf6+ exf6 6. c3 Bd6 7. Bd3 Nd7 8. Qc2 h5 9. Ne2 h4 10. h3 O-O 11. Bf4 Bxf4 12. Nxf4 Re8+ 13. Ne2 Nf8 14. c4 Qxd4 15. O-O Qc5 16. a3 Bd7 17. b4 Qh5 18. Nd4 c5 19. Nf5 Re5 20. Ne3 Ne6 21. Be4 Nd4 22. Qd3 Rae8 23. Bxb7 f5 24. bxc5 Ne2+ 25. Kh2 f4 26. Bf3 Qg5 27. Qxd7 {El negro pierde por tiempo.} 1-0

[Event "Cto por Equipos de Aragon  Preferente I"]
[Site "?"]
[Date "2026.02.21"]
[Round "5.35"]
[White "Ferreruela Romero, Jose Joaquin"]
[Black "Luis Vitalla, Fernando"]
[Result "1/2-1/2"]
[WhiteElo "2010"]
[BlackElo "2045"]
[PlyCount "62"]
[GameId "2282252578513358"]
[EventDate "2026.01.24"]
[WhiteTeam "San Jose"]
[BlackTeam "Atletismo Huesca"]

1. d4 d5 2. c4 c6 3. Nf3 Nf6 4. e3 g6 5. Nc3 Bg7 6. Bd3 O-O 7. O-O Bg4 8. h3 Bxf3 9. Qxf3 e6 10. Rd1 Nbd7 11. cxd5 exd5 12. Bd2 Re8 13. b4 a6 14. a4 Qe7 15. b5 axb5 16. axb5 Nf8 17. Rdc1 c5 18. Rxa8 Rxa8 19. dxc5 Qxc5 20. e4 dxe4 21. Nxe4 Qb6 22. Be3 Qe6 23. Nxf6+ Qxf6 24. Qxf6 Bxf6 25. Rc7 Rd8 26. Be2 Rd7 27. b6 Be5 28. Rc8 Kg7 29. f4 Bf6 30. Bg4 Ne6 31. f5 gxf5 1/2-1/2

[Event "Cto por Equipos de Aragon  Preferente I "]
[Site "?"]
[Date "2026.02.21"]
[Round "5.36"]
[White "Gella Bitrian, Diego"]
[Black "Gutierrez Mingueza, Ruben"]
[Result "1/2-1/2"]
[WhiteElo "1975"]
[BlackElo "2005"]
[PlyCount "83"]
[GameId "2282252578574799"]
[EventDate "2026.01.24"]
[WhiteTeam "Atletismo Huesca"]
[BlackTeam "San Jose"]

1. e4 c5 2. Nf3 Nc6 3. d4 cxd4 4. Nxd4 Nf6 5. Nc3 e5 6. Ndb5 d6 7. Bg5 a6 8. Na3 b5 9. Bxf6 gxf6 10. Nd5 Bg7 11. c3 f5 12. exf5 Bxf5 13. Nc2 Be6 14. Nce3 Ne7 15. a4 Nxd5 16. Nxd5 O-O 17. Be2 Rb8 18. axb5 axb5 19. O-O Kh8 20. Ra6 f5 21. Bf3 e4 22. Bh5 Be5 23. f4 exf3 24. Bxf3 Qh4 25. g3 Rg8 26. Bg2 Qg5 27. Nf4 Bc4 28. Rf3 Rgd8 29. b3 Bf7 30. Ra7 Qg8 31. Qd3 Ra8 32. Rxa8 Rxa8 33. Qxf5 Ra1+ 34. Bf1 Bxb3 35. Qd7 Bc4 36. Qe7 Rxf1+ 37. Rxf1 Bxf1 38. Kxf1 Qc8 39. Ne2 Kg8 40. Qg5+ Kf8 41. Qh6+ Kg8 42. Qg5+ 1/2-1/2